| 000 | 00519nam a22001937a 4500 | ||
|---|---|---|---|
| 003 | OSt | ||
| 005 | 20140310181934.0 | ||
| 008 | 130723t xxu||||| |||| 00| 0 eng d | ||
| 050 |
_aPL 898.B8 _b.B964 1994 |
||
| 082 |
_aCLA B93li _b1994 |
||
| 100 |
_aBurnett, Frances Hodgson _93271 |
||
| 245 |
_aA little princess / _cFrances Hodgson Burnett |
||
| 260 |
_aFinland : _bWordsworth Ed, _c1994. |
||
| 300 |
_a256 p. _c18 cm. |
||
| 541 | _j1 | ||
| 562 | _e1 | ||
| 650 |
_a Classics _92808 |
||
| 942 |
_2lcc _cBBK _kCLA |
||
| 999 |
_c7499 _d7499 |
||